| 000 | 00601nam a2200169Ia 4500 | ||
|---|---|---|---|
| 008 | 090711s9999 xx 000 0 und d | ||
| 082 | _b75132 | ||
| 100 | _aटिळेकर Sांद्रसेन | ||
| 245 | _aप्रश्नोत्तर गणकयंत्र | ||
| 260 | _c1994 | ||
| 300 | _a45 | ||
| 600 | _aटिळेकर Sांद्रसेन | ||
| 630 | _aप्रश्नोत्तर गणकयंत्र | ||
| 700 | _aटिळेकर Sांद्रसेन | ||
| 730 | _aप्रश्नोत्तर गणकयंत्र | ||
| 942 | _cBOOK | ||
| 999 |
_c290223 _d290223 |
||